Sports Quiz

Random Sports or Baseball Quiz

Baseball Hall of Famers by Pun Quiz Stats

 Plays Quiz not verified by Sporcle

Score 0/30 Timer 06:00
0 Plays Today
% Correct
Eddie Plank
92.1%
Earl Weaver
90.7%
Early Wynn
81.4%
Johnny Bench
79.3%
Frank Chance
77.9%
Satchel Paige
76.4%
Kid Nichols
75%
Mickey Mantle
74.3%
Ernie Banks
72.9%
Catfish Hunter
72.1%
Wade Boggs
70.7%
Robin Roberts
68.6%
Burleigh Grimes
67.9%
Hal Newhouser
67.1%
Jim Bunning
64.3%
% Correct
Jimmie Foxx
63.6%
Ron Santo
60.7%
Albert Spalding
58.6%
Tris Speaker
56.4%
Bill Dickey
55.7%
Chief Bender
55%
Christy Mathewson
54.3%
Earl Combs
50.7%
Jim Rice
50.7%
Cool Papa Bell
47.1%
Ty Cobb
46.4%
Bruce Sutter
43.6%
Willie Mays
42.9%
Whitey Ford
27.9%
Rick Ferrell
26.4%

You're not logged in!

Compare scores with friends on all Sporcle quizzes.
OR
Log In

You Might Also Like...

Show Comments

Extras

Top Quizzes Today


Score Distribution

Your Account Isn't Verified!

In order to create a playlist on Sporcle, you need to verify the email address you used during registration. Go to your Sporcle Settings to finish the process.

Report this User

Report this user for behavior that violates our Community Guidelines.

Details: